[Event "chess.com Junior Speed"]
[Site "chess.com INT"]
[Date "2019.07.10"]
[Round "2.12"]
[White "Van Foreest,Jorden"]
[Black "Wei Yi"]
[Result "1/2-1/2"]
[WhiteElo "2601"]
[BlackElo "2736"]

1.e4 c6 2.d4 d5 3.e5 c5 4.dxc5 e6 5.Nf3 Bxc5 6.a3 Ne7 7.Bd3 Ng6 8.O-O Nc6
9.Re1 O-O 10.b4 Be7 11.Bb2 f6 12.exf6 Bxf6 13.Bxf6 Qxf6 14.Nbd2 a6 15.Bxg6 Qxg6
16.c4 Kh8 17.b5 axb5 18.cxb5 Ne7 19.Ne5 Qe8 20.Ndf3 Qxb5 21.Nd4 Qe8 22.Qg4 Ng6
23.h4 Ra4 24.h5 Nf4 25.Qd1 Nxh5 26.Rc1 Rxa3 27.Rxc8 Qxc8 28.Qxh5 Qe8 29.Qg4 Ra4
30.Qd1 Rf4 31.Nef3 Re4 32.Rxe4 dxe4 33.Ng5 Qd7 34.Ngxe6 Ra5 35.Qg4 Rd5 36.Qxe4 h6
37.g3 Qd6 38.Nf3 Rd1+ 39.Kg2 Qd3 40.Qxd3 Rxd3 41.Nc5 Rd5 42.Nb3 Kg8 43.Nfd4 Kf7
44.Kf3 Kf6 45.Ke4 Re5+ 46.Kd3 g5 47.Nd2 h5 48.Ne4+ Kg6 49.Nf3 Rd5+ 50.Ke3 g4
51.Nd4 b5 52.Nc3 Re5+ 53.Kf4 Re1 54.Ncxb5 Rf1 55.Ke3 Re1+ 56.Kd2 Rh1 57.Nd6 h4
58.gxh4 Rxh4 59.Ke3 g3 60.fxg3 Rg4 61.N6f5 Rxg3+ 62.Nxg3  1/2-1/2

[Event "chess.com Junior Speed"]
[Site "chess.com INT"]
[Date "2019.07.10"]
[Round "2.10"]
[White "Van Foreest,Jorden"]
[Black "Wei Yi"]
[Result "0-1"]
[WhiteElo "2601"]
[BlackElo "2736"]

1.e4 c6 2.Nf3 d5 3.Nc3 Nf6 4.e5 Ne4 5.d4 Nxc3 6.bxc3 c5 7.dxc5 e6 8.Bd3 Bxc5
9.O-O Nc6 10.Rb1 h6 11.Re1 Qc7 12.Be3 Be7 13.Qd2 Bd7 14.Bb5 Na5 15.Nd4 Bxb5
16.Nxb5 Qd7 17.Qe2 O-O 18.Qg4 Kh7 19.Nd6 Bxd6 20.exd6 Nc4 21.Bd4 Rg8 22.Rbd1 Qxd6
23.Rd3 e5 24.Bxa7 Qe6 25.Qxe6 fxe6 26.Bc5 Rxa2 27.Rc1 Rc8 28.Bb4 Rca8 29.h3 Ra1
30.Rdd1 Rxc1 31.Rxc1 Ra2 32.Kf1 e4 33.Ke2 Kg6 34.f3 Kf5 35.fxe4+ Kxe4 36.Kf2 Ne3
37.Re1 Rxc2+  0-1

[Event "chess.com Junior Speed"]
[Site "chess.com INT"]
[Date "2019.07.10"]
[Round "2.11"]
[White "Wei Yi"]
[Black "Van Foreest,Jorden"]
[Result "1-0"]
[WhiteElo "2736"]
[BlackElo "2601"]

1.d4 Nf6 2.c4 g6 3.Nc3 Bg7 4.e4 d6 5.h3 O-O 6.Nf3 e5 7.d5 Na6 8.Be3 Nc5 9.Nd2 a5
10.Be2 Nfd7 11.g4 Nb6 12.Rg1 Kh8 13.Qc2 Qe7 14.b3 f5 15.gxf5 gxf5 16.O-O-O a4
17.b4 f4 18.Bxc5 dxc5 19.b5 a3 20.Bg4 f3 21.Qd3 Na4 22.Nxa4 Rxa4 23.Bxc8 Rxc8
24.Kc2 Rf8 25.Nxf3 Rb4 26.Rb1 Qf6 27.Rxb4 cxb4 28.Rg3 Bh6 29.Kb3 Qf4 30.Qc2 b6
31.Kxb4 Qf6 32.Kb3 Bf4 33.Rg1 Bh6 34.Rg3 Bf4 35.Rg2 Qe7 36.Qc3 Qf6 37.Ne1 Bh6
38.Nd3 Bg7 39.f4 exf4 40.Qxf6 Bxf6 41.Nxf4 Be5 42.Ne6 Rf3+ 43.Ka4 Rc3 44.c5 Rc4+
45.Kxa3 Rc3+ 46.Kb4 Rxh3 47.cxb6 cxb6 48.Rf2 h5 49.Rf5 Bd6+ 50.Kc4 Rh4 51.Kd3 Kh7
52.e5 Ba3 53.d6 Rh1 54.Rf2 Bb4 55.d7 Rd1+ 56.Kc4 Be7 57.Rf7+  1-0

[Event "chess.com Junior Speed"]
[Site "chess.com INT"]
[Date "2019.07.10"]
[Round "2.27"]
[White "Wei Yi"]
[Black "Van Foreest,Jorden"]
[Result "1/2-1/2"]
[WhiteElo "2736"]
[BlackElo "2601"]

1.e4 e5 2.Nf3 Nc6 3.g3 Nf6 4.Bg2 Nxe4 5.O-O Nf6 6.Re1 Be7 7.Nxe5 Nxe5 8.Rxe5 O-O
9.c4 d6 10.Re1 Bg4 11.Qb3 Rb8 12.Nc3 c6 13.d4 Qd7 14.h3 Be6 15.d5 cxd5 16.cxd5 Bf5
17.g4 Bg6 18.Bf4 a6 19.a4 Rbc8 20.a5 Bd8 21.Qb4 Rc5 22.Be3 Be7 23.Bxc5 dxc5
24.Qa4 Qc7 25.Qc4 Bd6 26.Na4 Nd7 27.Nc3 Ne5 28.Qf1 Nd3 29.Re2 c4 30.Be4 Nf4
31.Re3 f5 32.Bxf5 Bxf5 33.gxf5 Rxf5 34.Ne4 Nxd5 35.Re2 Nf4 36.Re3 Be5 37.Rd1 h6
38.Ng3 Rf8 39.Re4 Rc8 40.Qe1 Nd3 41.Qe3 Bxb2 42.Nf5 Bf6 43.Re6 Ne5 44.Nxh6+ gxh6
45.Rxf6 Qg7+ 46.Qg3 Qxg3+ 47.fxg3 c3 48.Rf2 Nd3 49.Rxd3 c2 50.Rxc2 Rxc2 51.Rd8+ Kg7
52.Rd7+ Kg8 53.Rxb7 Rc5 54.Rb6 Rxa5 55.Rxh6 Ra2 56.Rb6 a5 57.Ra6 a4 58.g4 a3
59.h4 Kg7 60.g5 Rd2 61.Rxa3 Rd4 62.Rh3 Kg6 63.Kg2 Kh5 64.Rh1 Ra4 65.Kf3 Rb4
66.Ke3 Ra4 67.Kf3 Rb4 68.Rg1 Kg6 69.Rg4 Rb3+ 70.Kf4 Rb4+ 71.Kg3 Rb3+ 72.Kf2 Ra3
73.Rf4 Kh5 74.Rf3 Ra4 75.Rg3 Rxh4 76.g6 Rf4+ 77.Ke3 Rf8 78.g7 Rg8 79.Kf4 Kh6
80.Kf5 Kh7 81.Kf6 Rf8+ 82.gxf8=Q  1/2-1/2

[Event "chess.com Junior Speed"]
[Site "chess.com INT"]
[Date "2019.07.10"]
[Round "2.26"]
[White "Van Foreest,Jorden"]
[Black "Wei Yi"]
[Result "0-1"]
[WhiteElo "2601"]
[BlackElo "2736"]

1.e4 c6 2.Nf3 d5 3.Nc3 Nf6 4.e5 Ne4 5.d4 Nxc3 6.bxc3 c5 7.dxc5 Nc6 8.Bd3 Bg4
9.h3 Bxf3 10.Qxf3 e6 11.Bf4 Bxc5 12.O-O O-O 13.Rfe1 Qh4 14.Rab1 b6 15.c4 Nd4
16.Qg4 Qxg4 17.hxg4 dxc4 18.Be4 Rac8 19.Red1 Ne2+  0-1

[Event "chess.com Junior Speed"]
[Site "chess.com INT"]
[Date "2019.07.10"]
[Round "2.25"]
[White "Wei Yi"]
[Black "Van Foreest,Jorden"]
[Result "1/2-1/2"]
[WhiteElo "2736"]
[BlackElo "2601"]

1.e4 c5 2.Nf3 d6 3.d4 cxd4 4.Nxd4 Nf6 5.Nc3 Nc6 6.Nde2 g6 7.g3 Bg7 8.Bg2 O-O
9.O-O Rb8 10.Nd5 b5 11.c3 Nd7 12.Be3 a5 13.Nd4 Nxd4 14.Bxd4 Bb7 15.Bxg7 Kxg7
16.Qd4+ e5 17.Qd2 Bxd5 18.Qxd5 Nf6 19.Qd3 Qc7 20.Rfd1 Rfd8 21.a3 Rb6 22.b4 axb4
23.axb4 Rc6 24.Ra3 Rc4 25.f3 d5 26.Bf1 d4 27.Qc2 Rxb4 28.Qd2 Ra4 29.Rb3 Rd7
30.Qc2 Qa7 31.cxd4 Rdxd4 32.Rxd4 Qxd4+ 33.Qf2 b4 34.Qxd4 exd4 35.Bb5 Ra8
36.Rxb4 Rb8 37.Rb3 Nd7 38.Ba4 Rxb3 39.Bxb3 Ne5 40.f4 Nd7 41.Kf2 Nc5 42.Bc2 f6
43.Ke2 Kf7 44.Kf3 Ke6 45.Ke2 Kd6 46.Kd2 Kc6 47.Bd3 Kb6 48.Kc2 Ka5 49.Kd2 Kb4
50.e5 fxe5 51.fxe5 Ka5 52.Bc4 g5 53.h4 gxh4 54.gxh4 Kb6 55.Ke2 Kc7 56.Kf3 Kd7
57.Kf4 h6 58.Bd5 Ke7 59.Kf5 d3 60.Kg6 d2 61.Bf3 Nd3 62.Kxh6 Nxe5 63.Bd1 Kf6
64.h5 Nc4 65.Kh7 Ne3 66.Be2 Kg5 67.Kg7 Nf5+ 68.Kf7 Ng3 69.Bd1 Nxh5 70.Ke6 Nf4+
71.Ke5 Nd3+ 72.Ke4 Nb2 73.Ke3 Nxd1+ 74.Kxd2  1/2-1/2

[Event "chess.com Junior Speed"]
[Site "chess.com INT"]
[Date "2019.07.10"]
[Round "2.24"]
[White "Van Foreest,Jorden"]
[Black "Wei Yi"]
[Result "1-0"]
[WhiteElo "2601"]
[BlackElo "2736"]

1.d4 Nf6 2.Nf3 g6 3.c4 Bg7 4.g3 O-O 5.Bg2 c6 6.O-O d5 7.Nbd2 Bf5 8.b3 b5
9.cxb5 cxb5 10.Ba3 Qc8 11.Qc1 Nc6 12.Bc5 Ne4 13.e3 Nxc5 14.Qxc5 e5 15.Rac1 Bd7
16.Qxd5 Qe8 17.Nxe5 Bxe5 18.dxe5 Rd8 19.Ne4 Qxe5 20.Rfd1 Kg7 21.Qxe5+ Nxe5
22.Rd5 Ng4 23.Rcd1  1-0

[Event "chess.com Junior Speed"]
[Site "chess.com INT"]
[Date "2019.07.10"]
[Round "2.9"]
[White "Wei Yi"]
[Black "Van Foreest,Jorden"]
[Result "1-0"]
[WhiteElo "2736"]
[BlackElo "2601"]

1.d4 d5 2.c4 c6 3.Nf3 Nf6 4.Nc3 dxc4 5.e4 b5 6.Be2 e6 7.O-O Bb7 8.Qc2 a6
9.b3 cxb3 10.Qxb3 Nbd7 11.e5 Nd5 12.Ne4 c5 13.Nfg5 cxd4 14.Qh3 Nxe5 15.Nxe6 Qd7
16.Nxd4 Qxh3 17.gxh3 Be7 18.Nf5 O-O 19.Rd1 Rfe8 20.Ned6 Bxd6 21.Nxd6 Nc3
22.Nxb7 Nxe2+ 23.Kg2 Ng6 24.Be3 Nef4+ 25.Kf3 Ne6 26.Nd6 Red8 27.Rac1 h6 28.Kg3 Ne7
29.Kf3 Rd7 30.Nc8 Rxd1 31.Nxe7+ Kf8 32.Ng6+ fxg6 33.Rxd1 Ke7 34.Ke4 Rf8 35.Rc1 Rf5
36.Rc6 Rh5 37.Rxa6 Rxh3 38.Ra7+ Kf6 39.Ra6 Rxh2 40.Bd4+ Kf7 41.Ra7+ Kg8 42.Be3 Rh5
43.Re7 Ng5+ 44.Kd5 Nf3+ 45.Kc6 Rf5 46.Rb7 h5 47.Rxb5 Rxb5 48.Kxb5 h4 49.Bf4 g5
50.Bc7 Kf7 51.a4 Ke6 52.a5 Kd7 53.Kb6 Nd4 54.a6 Nc6 55.Bh2 g4 56.Bf4 g3 57.fxg3 h3
58.g4 Nb4 59.a7 Nd5+ 60.Kc5 Nxf4 61.a8=Q g5 62.Qc6+ Ke7 63.Kd4  1-0

[Event "chess.com Junior Speed"]
[Site "chess.com INT"]
[Date "2019.07.10"]
[Round "2.1"]
[White "Wei Yi"]
[Black "Van Foreest,Jorden"]
[Result "1-0"]
[WhiteElo "2736"]
[BlackElo "2601"]

1.d4 Nf6 2.c4 g6 3.Nc3 d5 4.Bg5 Ne4 5.Bh4 Nxc3 6.bxc3 dxc4 7.e3 Be6 8.Nf3 Bg7
9.Qb1 Nd7 10.Ng5 Bd5 11.e4 h6 12.Nh3 Bc6 13.Bxc4 O-O 14.O-O Nb6 15.Bb3 Bd7
16.Qd3 c5 17.dxc5 Na4 18.Bxa4 Bxa4 19.Qxd8 Rfxd8 20.Bxe7 Re8 21.Bd6 Rxe4
22.Rac1 Re2 23.Nf4 Rxa2 24.Nd5 Bb3 25.Ne7+ Kh7 26.Rb1 Bc4 27.Rfc1 Ba6 28.Nd5 Re8
29.Nb4 Ra4 30.Nxa6 bxa6 31.Rb4 Ra3 32.g3 Rxc3 33.Rxc3 Bxc3 34.Rb7 Kg7 35.Rxa7 a5
36.c6 Bb4 37.Bf4 Rc8 38.c7 g5 39.Be3 Bd6 40.Bb6 Kf6 41.Bxa5 Ke6 42.Kg2 g4
43.h3 h5 44.Rb7 Kd7 45.Rb5 Bxc7 46.Bxc7 Rxc7 47.Rxh5 gxh3+ 48.Kxh3 Ke6 49.Kg4 Kf6
50.f4 Rc3 51.Ra5 Kg6 52.Ra6+ Kg7 53.Kh4 Rf3 54.Ra4 Kg6 55.g4 Rf1 56.f5+ Kg7
57.Ra7 Rb1 58.g5 Rh1+ 59.Kg4 Rg1+ 60.Kf4 Rf1+ 61.Ke5 Re1+ 62.Kd6 Rd1+ 63.Ke7 Re1+
64.Kd6 Rd1+ 65.Kc6 Rc1+ 66.Kd7 Rd1+ 67.Ke8 Re1+ 68.Re7  1-0

[Event "chess.com Junior Speed"]
[Site "chess.com INT"]
[Date "2019.07.10"]
[Round "2.8"]
[White "Van Foreest,Jorden"]
[Black "Wei Yi"]
[Result "1/2-1/2"]
[WhiteElo "2601"]
[BlackElo "2736"]

1.e4 c6 2.Nf3 d5 3.Nc3 Nf6 4.e5 Ne4 5.a4 e6 6.h4 h6 7.d3 Nxc3 8.bxc3 c5 9.h5 Nc6
10.d4 c4 11.Be2 Bd7 12.Ba3 Qa5 13.Bb2 O-O-O 14.O-O Be7 15.Qd2 Rdg8 16.Ba3 Bxa3
17.Rxa3 Qd8 18.a5 Nxa5 19.Rfa1 Nc6 20.Qf4 Qe7 21.Nd2 b5 22.Ra6 Kb7 23.Bf3 Bc8
24.Ne4 Kc7 25.Rxa7+ Nxa7 26.Rxa7+ Bb7 27.Nc5 Rb8 28.Qc1 Qe8 29.Qa3 Qc6 30.Na6+ Kd7
31.Qa5 Rhc8 32.Qb4 Ke8 33.Nxb8 Rxb8 34.g4 Ra8 35.Qa5 Rxa7 36.Qxa7 Qa6 37.Qb8+ Bc8
38.Kg2 Qb7 39.Qd6 Qe7 40.Qc6+ Qd7 41.Qc5 Bb7 42.Kg3 Qc6 43.Qa7 Qd7 44.Be2 Qc7
45.f4 f6 46.Bf3 fxe5 47.fxe5 Kf7 48.Qa3 Qe7 49.Qa5 Bc6 50.Qb6 Qd7 51.Qc5 Bb7
52.Be2 Qc6 53.Qb4 Qd7 54.Bf3 Bc6 55.Qb1 Qe7 56.Qa1 Qc7 57.Qa3 Qe7 58.Qa6 Qb7
59.Qa5 Qe7 60.Qb6 Qb7 61.Qc5 Qd7 62.Qb4 Bb7 63.Qa5 Qe7 64.Qa7 Qc7 65.Bg2 Ke7
66.Qa3+ Kf7 67.Qc1 Qe7 68.Bf3 Qg5 69.Qb2 Qe3 70.Qxb5 Qg1+ 71.Bg2 Qe3+ 72.Kh2 Qf4+
73.Kh3 Qe3+ 74.Kh2 Qf4+ 75.Kg1 Qe3+ 76.Kh1 Qc1+ 77.Kh2 Qf4+  1/2-1/2

[Event "chess.com Junior Speed"]
[Site "chess.com INT"]
[Date "2019.07.10"]
[Round "2.7"]
[White "Wei Yi"]
[Black "Van Foreest,Jorden"]
[Result "1-0"]
[WhiteElo "2736"]
[BlackElo "2601"]

1.d4 d5 2.c4 c6 3.Nf3 Nf6 4.Nc3 dxc4 5.e4 b5 6.Be2 g6 7.e5 Nd5 8.h4 Bg4 9.h5 gxh5
10.Ng5 Nxc3 11.bxc3 Qd5 12.Bxg4 hxg4 13.Qxg4 h6 14.Qc8+  1-0

[Event "chess.com Junior Speed"]
[Site "chess.com INT"]
[Date "2019.07.10"]
[Round "2.6"]
[White "Van Foreest,Jorden"]
[Black "Wei Yi"]
[Result "0-1"]
[WhiteElo "2601"]
[BlackElo "2736"]

1.Nf3 d5 2.e3 Nf6 3.c4 e6 4.Nc3 Be7 5.b3 O-O 6.Bb2 dxc4 7.Bxc4 c5 8.Be2 b6
9.Ne5 Bb7 10.Bf3 Qc8 11.Bxb7 Qxb7 12.Qf3 Qxf3 13.gxf3 Nfd7 14.f4 Nxe5 15.fxe5 Nc6
16.Ne4 f5 17.exf6 gxf6 18.Ke2 Kf7 19.Rag1 Rg8 20.f4 Rg6 21.Rg3 Rag8 22.Rh3 h6
23.f5 Rg2+ 24.Nf2 exf5 25.Rxh6 Ne5 26.h3 Rxf2+ 27.Kxf2 Nd3+ 28.Ke2 Nxb2 29.Rf1 Rg2+
30.Rf2 Rxf2+ 31.Kxf2 Nd3+ 32.Ke2 Kg7 33.Rh5 Nc1+ 34.Kd1 Nxa2 35.Rxf5 Nb4
36.Rf1 a5 37.Rg1+ Kh7 38.Ke2 b5 39.Ra1 Nc6 40.Kf3 c4 41.bxc4 bxc4 42.Ke4 Bb4
43.Ra2 Ne5 44.h4 Kg6 45.Rc2 a4 46.Rb2 Nd3 47.Ra2 a3 48.Kd5 Nb2 49.e4 Bxd2
50.Rxa3 c3 51.Ra6 c2 52.Rc6 c1=Q 53.Rxc1 Bxc1  0-1

[Event "chess.com Junior Speed"]
[Site "chess.com INT"]
[Date "2019.07.10"]
[Round "2.5"]
[White "Wei Yi"]
[Black "Van Foreest,Jorden"]
[Result "1-0"]
[WhiteElo "2736"]
[BlackElo "2601"]

1.d4 Nf6 2.c4 g6 3.Nc3 d5 4.cxd5 Nxd5 5.e4 Nxc3 6.bxc3 Bg7 7.Be3 c5 8.Rc1 O-O
9.Nf3 Bg4 10.Be2 Qa5 11.O-O Qxa2 12.Ra1 Qe6 13.h3 Bxf3 14.Bxf3 Qd7 15.dxc5 Rc8
16.Qb3 Na6 17.Ra5 e6 18.e5 Rab8 19.Rfa1 Bf8 20.c6 bxc6 21.Qc4 Nc7 22.Rxa7 Qd8
23.Qf4 Qe8 24.c4 Rb4 25.Bd2 Rbb8 26.Ba5 Na8 27.Qe3 Bb4 28.Bxb4 Rxb4 29.Qc5 Rbb8
30.R1a6 Qf8 31.Qa5 Qd8 32.Qxd8+ Rxd8 33.c5 Rb5 34.Rxa8 Rxa8 35.Rxa8+ Kg7
36.Bxc6 Rxc5 37.Be8 Kf8 38.f4 g5 39.fxg5 Rxe5 40.h4 Rc5 41.Bc6+ Kg7 42.Bf3 h6
43.gxh6+ Kxh6 44.Kf2 f5 45.Ra6 Re5 46.Kg3 Kg6 47.Kf4 Kf6 48.h5 Re1 49.Bd5 Rf1+
50.Ke3 Kg5 51.Rxe6 Kxh5 52.Bf3+ Kg5 53.Ra6 Re1+ 54.Kf2 Re5 55.Kg3 f4+ 56.Kf2 Rb5
57.Rd6 Rb2+ 58.Be2 Rb3 59.Rd5+ Kf6 60.Rd3 Rb4 61.Kf3 Kg5 62.Bd1 Kh4 63.Be2 Ra4
64.Rd5 Ra5 65.g3+  1-0

[Event "chess.com Junior Speed"]
[Site "chess.com INT"]
[Date "2019.07.10"]
[Round "2.4"]
[White "Van Foreest,Jorden"]
[Black "Wei Yi"]
[Result "1-0"]
[WhiteElo "2601"]
[BlackElo "2736"]

1.Nf3 d5 2.e3 Nf6 3.c4 e6 4.Nc3 Be7 5.b3 O-O 6.Bb2 dxc4 7.Bxc4 c5 8.Be2 b6
9.Ne5 Bb7 10.Bf3 Qc8 11.Bxb7 Qxb7 12.Qf3 Qxf3 13.gxf3 Nbd7 14.f4 Nxe5 15.fxe5 Nd7
16.Ne4 f6 17.exf6 Bxf6 18.Nxf6+ Nxf6 19.Rg1 g6 20.Ke2 Rad8 21.Rad1 Rd5 22.d4 Ne4
23.f3 Rdf5 24.Rgf1 Rh5 25.Rh1 Rhf5 26.f4 Rd5 27.dxc5 Rxc5 28.Bd4 Nc3+ 29.Kf3 Nxd1
30.Bxc5 bxc5 31.Rxd1 e5 32.Rd7 exf4 33.exf4 Rf7 34.Rd8+ Kg7 35.Ke4 Re7+ 36.Kd5 Re2
37.Rd7+ Kf6 38.Rxa7 Rxh2 39.a4 h5 40.Kxc5 h4 41.Rh7 Kf5 42.a5 Kxf4 43.a6 h3
44.a7 Ra2 45.Rh4+ Kg3 46.Ra4 Rc2+ 47.Kd4 Rc8 48.a8=Q Rxa8 49.Rxa8 h2 50.Rh8 Kg2
51.b4  1-0

[Event "chess.com Junior Speed"]
[Site "chess.com INT"]
[Date "2019.07.10"]
[Round "2.2"]
[White "Van Foreest,Jorden"]
[Black "Wei Yi"]
[Result "1-0"]
[WhiteElo "2601"]
[BlackElo "2736"]

1.Nf3 d5 2.d4 Nf6 3.c4 dxc4 4.e3 e6 5.Bxc4 c5 6.O-O Nc6 7.Re1 a6 8.b3 cxd4
9.exd4 Bb4 10.Bd2 O-O 11.Bxb4 Nxb4 12.Qd2 Nc6 13.Nc3 b5 14.Bf1 Bb7 15.Rad1 Qb6
16.Qf4 Rad8 17.h3 Rd7 18.Ne5 Rxd4 19.Qe3 Rfd8 20.Nxc6 Bxc6 21.Rxd4 Qxd4 22.Rd1 Qxd1
23.Nxd1 Rxd1 24.Qb6 Rc1 25.Qxa6 h6 26.a4 bxa4 27.bxa4 Ne4 28.Kh2 Nxf2 29.a5 Bd5
30.Qb5 Ra1 31.a6 f5 32.Bc4 Rh1+ 33.Kg3 Ne4+ 34.Kf4 Nc3 35.Qb8+ Kh7 36.a7 Bxc4
37.a8=Q Rf1+ 38.Kg3  1-0

[Event "chess.com Junior Speed"]
[Site "chess.com INT"]
[Date "2019.07.10"]
[Round "2.22"]
[White "Van Foreest,Jorden"]
[Black "Wei Yi"]
[Result "0-1"]
[WhiteElo "2601"]
[BlackElo "2736"]

1.e4 c6 2.d4 d5 3.Nc3 dxe4 4.Nxe4 Bf5 5.Ng3 Bg6 6.Nf3 Nd7 7.Bd3 e6 8.O-O Ngf6
9.b3 Bd6 10.Bb2 Qc7 11.c4 c5 12.d5 exd5 13.Re1+ Kf8 14.cxd5 Re8 15.Rxe8+ Kxe8
16.Nf5 Bxf5 17.Bxf5 Kd8 18.Qd3 Re8 19.Ng5 Ne5 20.Qh3 h6 21.Ne4 Nxe4 22.Bxe4 Qa5
23.Bc3 Qb5 24.Re1 f6 25.Bc2 Qd7 26.Qxd7+ Nxd7 27.Rxe8+ Kxe8 28.g3 Be5 29.Bd2 Bd4
30.Kg2 Ke7 31.f4 Kd6 32.Be4 Nb6 33.Kf3 Nxd5 34.Kg4 b5 35.Kh5 Ne7 36.Bd3 Kc6
37.g4 a6 38.h4 Kd5 39.g5 hxg5 40.fxg5 c4 41.bxc4+ bxc4 42.Bc2 f5 43.g6 Bf6
44.Bb4 Nc6 45.Be1 Nd4 46.Bd1 Ne6 47.Bd2 c3 48.Bc1 Ke5 49.Bc2 Nf4+ 50.Bxf4+ Kxf4
51.a4 Ke3 52.a5 Kd2 53.Bxf5 c2 54.Bxc2 Kxc2 55.Kg4 Bc3 56.h5 Bd2 57.Kf5 Kb3  0-1

[Event "chess.com Junior Speed"]
[Site "chess.com INT"]
[Date "2019.07.10"]
[Round "2.21"]
[White "Wei Yi"]
[Black "Van Foreest,Jorden"]
[Result "1-0"]
[WhiteElo "2736"]
[BlackElo "2601"]

1.e4 c5 2.Nf3 d6 3.d4 cxd4 4.Nxd4 Nf6 5.Nc3 a6 6.g3 g6 7.Bg2 Bg7 8.h3 O-O
9.O-O Nc6 10.Nde2 Bd7 11.Nd5 b5 12.c3 Rb8 13.Be3 Ne5 14.b3 Bc6 15.Qd2 e6
16.Nxf6+ Bxf6 17.f4 Nd7 18.Qxd6 Rc8 19.Rfd1 Be7 20.Qd2 e5 21.Rac1 Qc7 22.Nd4 Bc5
23.Kh2 Rfe8 24.f5 Nf6 25.Ne6 fxe6 26.Bxc5 exf5 27.exf5 Bxg2 28.Bd6 Qc6 29.Qxg2 Qxg2+
30.Kxg2 gxf5 31.Bb4 Kf7 32.Rd6 Re6 33.Rcd1 Ne4 34.Rd7+ Kg6 35.Ra7 Nf6 36.Rd6 Rxd6
37.Bxd6 Rxc3 38.Rxa6 Rc2+ 39.Kf1 Ne4 40.Bxe5+ Kf7 41.Bf4 h5 42.h4 b4 43.a4 Rf2+
44.Ke1 Rb2 45.Ra7+ Ke6 46.a5 Rxb3 47.a6 Ra3 48.Rh7 b3 49.Rb7 Ra1+ 50.Ke2 Ra2+
51.Kd3 Rxa6 52.Kc4 Rc6+ 53.Kd4 Nc5 54.Rb5 Kf6 55.Kd5 Rc8 56.Rb6+ Kf7 57.Bd6 Ne4
58.Be5 Rd8+ 59.Kc4 Nd2+ 60.Kc3 Rd5 61.Bf4 Ne4+ 62.Kxb3 Rd3+ 63.Kc4 Ra3 64.Kd5 Ra5+
65.Kd4 Nf6 66.Rb7+ Ke6 67.Rb6+ Kf7 68.Rb7+ Kg6 69.Rb6 Ra4+ 70.Ke3 Kf7 71.Rb7+ Ke6
72.Rb6+ Kf7 73.Rb7+ Ke8 74.Rb8+ Kd7 75.Rb5 Ke6 76.Re5+ Kf7 77.Rxf5 Kg6 78.Rg5+ Kf7
79.Rf5 Ke6 80.Re5+ Kd7 81.Rb5 Ke6 82.Kf3 Ra3+ 83.Kg2 Ra2+ 84.Kh3 Ra6 85.Re5+ Kf7
86.Rf5 Kg6 87.Rg5+ Kf7 88.Be5 Ne4 89.Rxh5 Nf2+ 90.Kg2 Ng4 91.Kf3 Nh2+ 92.Kg2 Ng4
93.Bf4 Ra2+ 94.Kf3 Nh2+ 95.Ke4 Ra4+ 96.Kf5 Ra5+ 97.Be5 Nf3 98.Kf4 Ne1 99.Rf5+ Ke6
100.Rf6+ Ke7 101.Ke4 Ra4+ 102.Kf5 Nd3 103.Re6+ Kf7 104.Rf6+ Ke7 105.Bc3 Rc4
106.Re6+ Kd7 107.Be5 Rc5 108.g4 Rc1 109.Rd6+  1-0

[Event "chess.com Junior Speed"]
[Site "chess.com INT"]
[Date "2019.07.10"]
[Round "2.23"]
[White "Wei Yi"]
[Black "Van Foreest,Jorden"]
[Result "1-0"]
[WhiteElo "2736"]
[BlackElo "2601"]

1.e4 c5 2.Nf3 d6 3.d4 cxd4 4.Nxd4 Nf6 5.Nc3 Nc6 6.Nde2 g6 7.g3 Bg7 8.Bg2 O-O
9.O-O Bg4 10.h3 Bxe2 11.Nxe2 Rc8 12.c3 Nd7 13.Be3 b5 14.Nd4 a6 15.Nxc6 Rxc6
16.e5 Nxe5 17.Bxc6 Nxc6 18.Qd5 Qc7 19.Rad1 Ne5 20.Bd4 e6 21.Qg2 d5 22.Rfe1 Nc4
23.Bxg7 Kxg7 24.Re2 a5 25.Qf3 Rb8 26.Qd3 Kg8 27.Qd4 Nd6 28.Qf4 Rc8 29.h4 h5
30.g4 hxg4 31.h5 Nf5 32.Qxg4 Qc4 33.Qxc4 Rxc4 34.hxg6 Kg7 35.gxf7 Kxf7 36.Kf1 Rh4
37.Red2 Nd6 38.Rd4 Rh2 39.Rf4+ Ke7 40.Ke2 Ne4 41.Rd4 Nf6 42.Rd3 e5 43.Rxf6 Kxf6
44.Rxd5 b4 45.Rxa5 bxc3 46.b3 Rh1 47.Rc5 Ra1 48.a4 Ra2+ 49.Ke3 c2 50.Kd3 c1=Q
51.Rxc1 Rxf2 52.Ra1 Rf3+ 53.Kc4 Ke6 54.a5 Kd6 55.a6 Rf8 56.a7 Ra8 57.Kb5 Kc7
58.Ka6 e4 59.Rc1+  1-0

[Event "chess.com Junior Speed"]
[Site "chess.com INT"]
[Date "2019.07.10"]
[Round "2.19"]
[White "Wei Yi"]
[Black "Van Foreest,Jorden"]
[Result "0-1"]
[WhiteElo "2736"]
[BlackElo "2601"]

1.e4 c5 2.Nf3 d6 3.d4 cxd4 4.Nxd4 Nf6 5.Nc3 a6 6.g3 g6 7.Bg2 Bg7 8.O-O O-O
9.h3 Nc6 10.Nde2 Bd7 11.Nd5 b5 12.c3 Rb8 13.Be3 Ne5 14.b3 Bc6 15.f4 Ned7
16.Qd2 e6 17.Nb4 Bxe4 18.Bxe4 Nxe4 19.Qc2 d5 20.Nc6 Qc7 21.Nxb8 Rxb8 22.Rac1 Rc8
23.c4 bxc4 24.bxc4 Qxc4 25.Qxc4 dxc4 26.Rfd1 Ndf6 27.Bd4 Nd5 28.Bxg7 Kxg7
29.Rd4 Nd6 30.g4 c3 31.Rd3 Ne4 32.Kg2 f5 33.gxf5 gxf5 34.Kf3 Kf6 35.Ng3 Nd2+
36.Kf2 Rc4 37.Ne2 Nxf4 38.Nxf4 Rxf4+ 39.Ke3 Re4+ 40.Kf2 Ra4 41.Ke3 Ne4 42.Rc2 Ke5
43.Kf3 h5 44.Re2 Kf6 45.Rc2 h4 46.Re2 e5 47.Rc2 Ke6 48.Kg2 Rd4  0-1

[Event "chess.com Junior Speed"]
[Site "chess.com INT"]
[Date "2019.07.10"]
[Round "2.18"]
[White "Van Foreest,Jorden"]
[Black "Wei Yi"]
[Result "1-0"]
[WhiteElo "2601"]
[BlackElo "2736"]

1.e4 c6 2.Nf3 d5 3.Nc3 Nf6 4.e5 Ne4 5.Ne2 Qb6 6.d4 e6 7.Ng3 c5 8.Bd3 Nxg3
9.fxg3 Nc6 10.O-O cxd4 11.a3 a5 12.g4 Bd7 13.Qe2 Be7 14.h3 h6 15.Kh2 g5 16.Qf2 Qc7
17.Kh1 Nxe5 18.Nxe5 Qxe5 19.Qxf7+ Kd8 20.Bd2 Be8 21.Qf2 Bd6 22.Qg1 Qg7 23.c3 e5
24.Bf5 e4 25.cxd4 Bc6 26.Rac1 a4 27.Bb4 Qe7 28.Rc5 Kc7 29.Rfc1 Kb8 30.Qe3 Ra6
31.Qc3 Rb6 32.Ra5 Bxb4 33.axb4 Qxb4 34.Qg3+  1-0

[Event "chess.com Junior Speed"]
[Site "chess.com INT"]
[Date "2019.07.10"]
[Round "2.3"]
[White "Wei Yi"]
[Black "Van Foreest,Jorden"]
[Result "1-0"]
[WhiteElo "2736"]
[BlackElo "2601"]

1.d4 Nf6 2.c4 g6 3.Nc3 d5 4.Bg5 Ne4 5.Bh4 Nxc3 6.bxc3 dxc4 7.e3 Be6 8.Nf3 Nd7
9.Be2 Bg7 10.O-O O-O 11.Qc2 h6 12.Rfd1 Nb6 13.a4 a5 14.Nd2 Qe8 15.Ne4 Bf5
16.g4 Bxe4 17.Qxe4 Nxa4 18.Rdc1 e5 19.Bxc4 Nb6 20.Ba2 exd4 21.Qxg6 Kh8 22.Qh5 dxe3
23.Bf6 exf2+ 24.Kxf2 Bxf6 25.Qxh6+ Kg8 26.Bb1 Bh4+ 27.Qxh4 f5 28.Qg5+  1-0

[Event "chess.com Junior Speed"]
[Site "chess.com INT"]
[Date "2019.07.10"]
[Round "2.20"]
[White "Van Foreest,Jorden"]
[Black "Wei Yi"]
[Result "0-1"]
[WhiteElo "2601"]
[BlackElo "2736"]

1.e4 c6 2.Nc3 d5 3.Nf3 Nf6 4.e5 Ne4 5.Ne2 Qb6 6.d4 e6 7.Ng3 c5 8.Bd3 Nxg3
9.fxg3 cxd4 10.O-O h6 11.a3 Nc6 12.g4 a5 13.h3 Bd7 14.Kh1 Be7 15.Qe1 O-O-O
16.Bd2 f6 17.b4 Nxe5 18.Nxe5 fxe5 19.Qxe5 Bd6 20.Qe2 a4 21.c4 dxc3 22.Bc4 cxd2  0-1

[Event "chess.com Junior Speed"]
[Site "chess.com INT"]
[Date "2019.07.10"]
[Round "2.17"]
[White "Wei Yi"]
[Black "Van Foreest,Jorden"]
[Result "0-1"]
[WhiteElo "2736"]
[BlackElo "2601"]

1.d4 Nf6 2.c4 g6 3.g3 Bg7 4.Bg2 d6 5.Nf3 O-O 6.O-O Nbd7 7.Qc2 e5 8.Rd1 Re8
9.Nc3 c6 10.dxe5 dxe5 11.b3 Qe7 12.Bb2 e4 13.Ng5 e3 14.f4 Nc5 15.b4 Bf5 16.Qc1 Ncd7
17.c5 a5 18.a3 Ng4 19.Rd6 h6 20.Nf3 Nf2 21.Nd4 Bh3 22.Bxh3 Nxh3+ 23.Kg2 Nf2
24.Nf3 Nb6 25.Nd1 Bxb2 26.Nxb2 Nd5 27.Ne5 Ne4 28.Rd7 Qe6 29.Rxf7 Ng5 30.fxg5 Qxe5
31.Rf3 hxg5 32.Nc4 Qd4 33.Qc2 Qxa1 34.Qxg6+ Qg7 35.Qd3 Rf8  0-1

[Event "chess.com Junior Speed"]
[Site "chess.com INT"]
[Date "2019.07.10"]
[Round "2.16"]
[White "Van Foreest,Jorden"]
[Black "Wei Yi"]
[Result "0-1"]
[WhiteElo "2601"]
[BlackElo "2736"]

1.e4 c6 2.d4 d5 3.Nc3 dxe4 4.Nxe4 Bf5 5.Ng3 Bg6 6.h4 h6 7.Nf3 Nd7 8.h5 Bh7
9.Bd3 Bxd3 10.Qxd3 e6 11.Bd2 Ngf6 12.O-O-O Be7 13.Kb1 Qb6 14.Rhe1 O-O 15.Nf5 exf5
16.Rxe7 Qd8 17.Qa3 Re8 18.Rde1 Rxe7 19.Qxe7 Nxh5 20.Nh4 f4 21.Nf5 Qxe7 22.Rxe7 Rd8
23.Nd6 Nb6 24.Nxb7 Rxd4 25.Kc1 Rd5 26.Na5 Rg5 27.Kd1 Rxg2 28.Ke2 g5 29.Nxc6 g4
30.Kf1 f3 31.Re8+ Kh7 32.Bc3 f6 33.Re7+ Kg6 34.Rxa7 Nd5 35.Ne7+ Nxe7 36.Rxe7 Nf4
37.Bd2 Nh3  0-1

[Event "TCh-CHN 2019"]
[Site "China CHN"]
[Date "2019.07.26"]
[Round "10.5"]
[White "Wei Yi"]
[Black "Li Chao2"]
[Result "1/2-1/2"]
[WhiteElo "2737"]
[BlackElo "2691"]

1.e4 e5 2.Nf3 Nf6 3.Nxe5 d6 4.Nf3 Nxe4 5.Nc3 Nxc3 6.dxc3 Be7 7.Be3 Nc6 8.Qd2 Be6
9.O-O-O Qd7 10.Kb1 a6 11.Ng5 Bxg5 12.Bxg5 f6 13.Bf4 O-O-O 14.h4 h5 15.Be2 Bg4
16.f3 Bf5 17.Rhe1 Rhe8 18.c4 Re7 19.Bf1 Rde8 20.Rxe7 Rxe7 21.b3 Ne5 22.Kb2 Qe8
23.Bg3 Nd7 24.Qf2 Kb8 25.Bh2 Bh7 26.Bg1 b6 27.Qd2 a5 28.Bf2 Nc5 29.Re1 Rxe1
30.Qxe1 Qxe1 31.Bxe1 Bf5 32.Be2 Kc8 33.a3 Kd7 34.b4 axb4 35.axb4 Ne6 36.Kc3 c5
37.Bf2 Kc6 38.b5+ Kd7 39.Be3 Bg6 40.Kd2 Bf7 41.Bd3 Nf8 42.Bf4 Ng6 43.Bf5+ Ke7
44.Bxg6 Bxg6 45.Kc3 Bf7 46.Bg3 Bg6 47.Bf4 Bf7 48.Bg3 Bg6 49.Bf4  1/2-1/2

[Event "chess.com Junior Speed"]
[Site "chess.com INT"]
[Date "2019.07.28"]
[Round "3.26"]
[White "Firouzja,Alireza"]
[Black "Wei Yi"]
[Result "0-1"]
[WhiteElo "2682"]
[BlackElo "2736"]

1.e4 e5 2.Nf3 Nf6 3.Nxe5 d6 4.Nf3 Nxe4 5.Nc3 Nxc3 6.dxc3 Ke7 7.Be3 Nc6 8.Qd2 Be6
9.O-O-O Kd7 10.Nd4 Nxd4 11.Bxd4 a6 12.c4 Kc8 13.Bc3 Rg8 14.Bd3 g6 15.f4 Bg7
16.Rhe1 Kb8 17.Bxg7 Rxg7 18.Qb4 c5 19.Qb3 Kc7 20.Qc3 Rg8 21.Qd2 Rc8 22.Qf2 Kb8
23.Qg3 Rc6 24.Qf2 Qa5 25.Kb1 Rb6 26.b3 Rc8 27.Re3 Qa3 28.Qe1 a5 29.c3 a4
30.Bc2 axb3 31.Bxb3 Bxc4 32.Rxd6 Bxb3 33.Rxb6 Qxa2+ 34.Kc1 Qc2+  0-1